Pensée mythique, idéologie et aspirations sociales dans un conte des Mille et une nuits : le récit d'Ali du Caire /

محفوظ في:

المؤلف الرئيسي: Coussonnet, Patrice (مؤلف)

التنسيق: كتاب

اللغة: French
Arabic

منشور في: Le Caire : Institut français d'archéologie orientale du Caire, c1989.

سلاسل: Cahier des Annales Islamologiques, 13.
CAI ; 13.

الموضوعات:

الوسوم: إضافة وسم

لا توجد وسوم, كن أول من يضع وسما على هذه التسجيلة!

رقم الطلب: DS41 .C24 v.13

LEADER 01093namaa2200301 4500
001 20701
003 OSt
005 20260302093859.0
008 130303s1989 ua fh 001 0 fre d
010 |a 90116276 
020 |a 2724700856 
040 |c ARCE Library 
041 1 |a fre  |h ara 
050 4 |a DS41 .C24 v.13 
100 1 |a Coussonnet, Patrice,  |e author  |9 28376 
240 1 0 |a Ali of Cairo.  |l French. 
245 1 0 |a Pensée mythique, idéologie et aspirations sociales dans un conte des Mille et une nuits :  |b le récit d'Ali du Caire /  |c introduction, traduction, essai d'analyse et d'interprétation par Patrice Coussonnet. 
264 1 |a Le Caire :   |b Institut français d'archéologie orientale du Caire,   |c c1989. 
300 |a 65 pages, [10] pages of plates :  |b facsms. ;   |c 28 cm. 
490 1 |a Cahier des Annales Islamologiques,   |x 0254-282X ;   |v 13. 
490 1 |a CAI ;   |v 13. 
630 0 0 |a Ali of Cairo. 
630 0 0 |a Arabian nights. 
830 0 |a Cahier des Annales Islamologiques,   |x 0254-282X ;   |v 13. 
830 0 |a CAI ;   |v 13. 
901 |a reviewed 
942 |c BK  |2 lcc 
999 |c 17160  |d 17160